Proceedings of International Carpathian Control Conference 4th International Carpathian Control Conference (ICCC'2003), ... 5th Automatyzacja Maszyn, Urządzeń i Procesów (APRO) : High Tatras, Grandhotel Praha, Slovak Republic May 26-29, 2003

Bibliographic Details
Corporate Author: International Carpathian Control Conference Vysoké Tatry, Slovensko (Author)
Format: Conference Proceeding Book
Language:English
Published: Košice Technical University 2003
Edition:1. ed.
Subjects:

MARC

LEADER 00000cam a2200000 a 4500
001 vtls001456560
003 SK-MaSNL
005 20260301150236.0
008 160208s2003 xo a f 10000 eng
015 |a SNBA2003/09-02935 
020 |a 8070995092 
035 |a SNK000411867 
035 |a urn:nbn:sk:snk-amkoif 
035 |a urn:nbn:sk:snk-am008fa1 
035 |a C25E1786-8CF0-4622-B618-D54DAEE3CB4B 
040 |a SNK  |b slo  |c SNK  |e AACR2 
041 0 |a eng 
044 |a xo  |c SK 
072 7 |a 004  |x Počítačová veda. Výpočtová technika. Informačné technológie  |2 konspekt 
080 |a 007+004  |2 1981 
080 |a 004+03  |2 1981 
080 |a 681.5  |2 1981 
080 |a 519.876.5  |2 1981 
080 |a 004.94  |2 1981 
080 |a (063)  |2 1981 
111 2 |a International Carpathian Control Conference  |n (4. :  |d 2003 :  |c Vysoké Tatry, Slovensko)  |4 aut  |9 90920 
245 1 0 |a Proceedings of International Carpathian Control Conference  |b 4th International Carpathian Control Conference (ICCC'2003), ... 5th Automatyzacja Maszyn, Urządzeń i Procesów (APRO) : High Tatras, Grandhotel Praha, Slovak Republic May 26-29, 2003 
250 |a 1. ed. 
260 |a Košice  |b Technical University  |c 2003 
300 |a 885 s.  |b grafy, sch., tab.  |c 22 cm 
504 |a Bibliogr. odkazy 
650 0 7 |a informačné systémy  |2 SNKPH  |9 1128 
650 0 7 |a počítačové systémy  |2 SNKPH  |9 1867 
650 0 7 |a automatizácia  |2 SNKPH  |9 1428 
650 0 7 |a simulačné modely  |2 SNKPH  |9 3667 
650 0 7 |a modelovanie a simulácia  |2 SNKPH  |9 3666 
655 7 |a zborníky konferencií  |2 SNKPH  |9 70153 
710 2 |a Technická univerzita v Košiciach  |4 pbl  |9 172333 
919 |a 80-7099-509-2 
958 |a OND 
968 |d 0 
999 |c 782872  |d 784802 
952 |t P60, <03>, [BOOK], {603}  |a SNK  |b SNK  |y PREZ  |7 0  |p 17A0391242  |o snkSC 112250  |i snkKSP 8463/2003  |0 0  |1 0  |4 0  |d 2003-07-16  |f 1  |l 0  |r 2025-10-02 00:00:00  |w 2026-02-24 
952 |t P60, <04>, [BOOK], {604}  |a SNK  |b SNK  |y VYP  |7 0  |p 17A0391241  |o snkSC 112250 D1  |i snkKSP 8464/2003  |0 0  |1 0  |4 0  |d 2003-07-16  |l 0  |r 2005-01-02 00:00:00  |w 2026-02-24